| Tag |
First Indicator |
Second Indicator |
Subfields |
| LEADER |
00000cam a2200000Ia 4500 |
| 001 |
in00002021925 |
| 005 |
20151031171815.0 |
| 008 |
040628s2004 enka c 000 0 eng d |
| 020 |
|
|
|a 1853322407
|
| 035 |
|
|
|a (OCoLC)ocm55748164
|
| 040 |
|
|
|a EUE
|c EUE
|d YHM
|d TXA
|d UtOrBLW
|
| 049 |
|
|
|a TXAM
|
| 090 |
|
|
|a NA 200.F2
|
| 090 |
|
|
|a NA209.5
|b .F36 2004
|
| 245 |
0 |
0 |
|a Fantasy architecture :
|b 1500-2036 /
|c Neil Bingham [and others].
|
| 264 |
|
1 |
|a London :
|b Hayward Gallery in association with the Royal Institute of British Architects,
|c [2004]
|
| 264 |
|
4 |
|c ©2004
|
| 300 |
|
|
|a 112 pages :
|b illustrations (some color) ;
|c 25 cm.
|
| 336 |
|
|
|a text
|b txt
|2 rdacontent
|
| 337 |
|
|
|a unmediated
|b n
|2 rdamedia
|
| 338 |
|
|
|a volume
|b nc
|2 rdacarrier
|
| 500 |
|
|
|a Published on the occasion of a National Touring Exhibition organised by the Hayward Gallery, London for Arts Council of England and held at the Northern Gallery for Contemporary Art, Sunderland, 30 Apr.-3 July 2004; The Lowry, Salford, 17 July-19 Sept. 2004; the New Art Gallery, Walsall, 1 Oct.-21 Nov. 2004; and the Harris Museum and Art Gallery, Preston, 29 Jan.-9 Apr. 2005.
|
| 650 |
|
0 |
|a Visionary architecture
|v Exhibitions.
|
| 650 |
|
0 |
|a Fantastic architecture
|v Exhibitions.
|
| 700 |
1 |
|
|a Bingham, Neil R.
|
| 710 |
2 |
|
|a Hayward Gallery.
|
| 710 |
2 |
|
|a Arts Council of England.
|
| 710 |
2 |
|
|a Northern Gallery for Contemporary Art (Sunderland, Tyne and Wear, England)
|
| 710 |
2 |
|
|a New Art Gallery Walsall.
|
| 710 |
2 |
|
|a Harris Museum and Art Gallery (Preston, Lancashire, England)
|
| 710 |
2 |
|
|a Lowry (Centre : Salford, Greater Manchester, England)
|
| 710 |
2 |
|
|a Royal Institute of British Architects.
|
| 710 |
2 |
|
|a National Touring Exhibitions.
|
| 948 |
|
|
|a cataloged
|b h
|c 2005/1/31
|d c
|e mphillip
|f 11:00:41 am
|
| 994 |
|
|
|a E0
|b TXA
|
| 999 |
|
|
|a MARS
|
| 999 |
f |
f |
|s 1cdb9db1-dd3b-305a-9a54-ff453dad40b7
|i c471d4c4-b583-32bd-a50f-e51366170f9f
|t 0
|
| 952 |
f |
f |
|p normal
|a Texas A&M University
|b College Station
|c Sterling C. Evans Library
|d Evans: Library Stacks
|t 0
|e NA209.5 .F36 2004
|h Library of Congress classification
|i unmediated -- volume
|m A14831675152
|
| 998 |
f |
f |
|a NA209.5 .F36 2004
|t 0
|l Evans: Library Stacks
|